[Event "Chile-ch Absolute 2018-19"]
[Site "Santiago"]
[Date "2019.02.25"]
[Round "7.6"]
[White "Abarca Gonzalez, Nicolas"]
[Black "Lopez Silva, Hugo"]
[Result "1/2-1/2"]
[WhiteElo "2418"]
[BlackElo "2413"]
[Annotator "TA"]
[PlyCount "176"]
[EventDate "2019.02.20"]
[EventType "tourn"]
[EventCountry "CHI"]
[SourceTitle "playchess.com"]
[Source "ChessBase"]
[SourceQuality "1"]

{[%evp 18,176,-5,-18,-25,-21,-18,-90,-43,-86,-80,-80,-83,-78,-79,-80,-63,-65,-68,-111,-112,-100,-106,-118,-102,-111,-61,-61,-61,-61,-61,-67,-68,-60,-48,-55,-33,-27,-35,-115,-8,-15,0,0,0,-14,0,0,0,0,0,0,0,0,0,0,75,78,74,77,104,99,93,93,100,43,43,43,45,47,54,51,68,72,93,32,32,32,50,24,29,14,135,29,29,0,227,24,198,0,141,29,29,29,29,29,29,29,29,29,29,29,29,29,29,0,29,29,29,29,29,7,29,29,29,29,29,29,29,29,29,29,29,29,29,29,29,29,29,29,29,29,29,7,7,7,7,7,7,7,7,7,7,7,7,7,7,7,7,7,7,0,0,0,0,0,0,0,0,0,0]} 1. Nf3 Nf6 2. g3 g6 3. b3 Bg7 4. Bb2 c5 5. c4 d6 6. Bg2 e5 7. O-O O-O 8. Nc3 Nc6 9. Ne1 Be6 {A38: Symmetrical English vs ...g6: 4 Bg2 Bg7 5 Nf3 Nf6} (9... Bd7 10. Nc2 Rb8 11. a3 a6 12. b4 b5 13. cxb5 axb5 14. bxc5 dxc5 15. a4 b4 16. Nb5 Nd4 17. Ne3 {0-1 (28) Ladva,O (2532)-Smirin,I (2634) Riga 2017}) 10. Nc2 {LiveBook: 4 Games} d5 11. Ba3 $146 ({Predecessor:} 11. cxd5 Nxd5 12. Na4 b6 13. Ne3 Rc8 14. Nc3 Nde7 15. d3 Qd7 16. Re1 Nd4 17. Ne4 {0-1 (44) Parvanyan,A (2075)-Krause,B (2446) Willingen 2018}) 11... b6 12. e3 (12. d3 $11) 12... Re8 13. d4 exd4 14. exd4 Nxd4 15. Nxd4 cxd4 16. Nb5 Qd7 ({Of course not} 16... dxc4 $6 17. Bxa8 Qxa8 18. Nc7 $14) 17. Nxd4 Bh3 {And now ...Bxg2 would win.} 18. Rc1 Bxg2 19. Kxg2 dxc4 {Hoping for ...Rad8.} 20. bxc4 Rad8 21. Nb5 Qb7+ 22. Qf3 Qxf3+ 23. Kxf3 Rd3+ 24. Kg2 a6 25. Nc3 Ng4 26. Nb1 $1 Bd4 27. h3 Ne5 28. c5 ({Better is} 28. Rcd1 $15) 28... bxc5 (28... b5 $1 $17 29. c6 Rc8) 29. Bxc5 $11 Bxc5 30. Rxc5 Nf3 31. Rc3 (31. Rfc1 {looks sharper.} Re2 32. Nc3 Re5 33. Rc6 Ra5 34. a4) 31... Red8 32. Rxd3 Rxd3 {[%mdl 4096] Endgame KRN-KRN} 33. Rc1 Ng5 34. Rc6 Rd1 $1 {[%cal Rd1b1]} 35. Nc3 Rc1 36. Nd5 Rd1 (36... Rxc6 $11 37. Ne7+ Kg7 38. Nxc6 Ne4) 37. Nf6+ $16 Kg7 38. Rxa6 Rd2 39. h4 Ne6 40. Ne4 Re2 41. Ng5 (41. Ra4 $16) 41... Nxg5 $1 $14 42. hxg5 {Ra8 is the strong threat. KR-KR} h6 43. gxh6+ Kxh6 44. Kf3 Rb2 45. Ra8 Kg5 46. a4 (46. Ra5+ $16 Kf6 47. a4) 46... Rb3+ 47. Kg2 Ra3 48. a5 Kg4 49. a6 Kg5 (49... g5 $11 {remains equal.}) 50. Kh3 (50. f3 $1 $16) 50... Ra2 51. Kg2 $2 (51. f3 $11) 51... Ra3 $18 52. Ra7 $2 ({White has to play} 52. f3 $1 $18) 52... Kf6 $2 {[#]} (52... Kg4 $11 {and Black has nothing to worry.}) 53. Kh3 $2 (53. f3 $1 $18) 53... Kg5 {[#]} (53... Rf3 $11) 54. Rxf7 (54. f4+ $1 $16 Kf6 55. Kg4) 54... Rxa6 $11 55. f4+ Kh6 56. Kh4 (56. Rc7 {seems wilder.} Ra3 57. Kg4 Ra4 58. Rc6 Ra3 59. Rb6) 56... Ra4 57. Kg4 Rb4 58. Re7 Rb6 59. Kh4 Rb4 60. Kh3 Ra4 61. Rf7 Ra3 62. Rb7 Rc3 63. Kh4 Rc4 64. Rd7 Ra4 65. Rd6 Rb4 66. Re6 Ra4 67. Kh3 Kg7 68. Kg4 Kh6 69. Kf3 Ra3+ 70. Re3 Ra4 71. g4 Kg7 72. Rb3 Ra7 73. Kg3 Rf7 74. Rb6 Rf8 75. Kh4 {Strongly threatening Kg5.} Rxf4 {The position is equal.} 76. Kg5 Rf7 77. Rxg6+ Kh7 78. Rh6+ (78. Ra6 {is interesting.} Kg7 79. Kh4 Rc7 80. Rb6 Rc1 81. Kh5) 78... Kg7 79. Rc6 Ra7 80. Kh5 Ra5+ 81. g5 Ra7 82. Rg6+ Kh7 83. Re6 Kg7 84. Kg4 {next Kh5 is good for White.} Ra4+ 85. Kf5 Ra5+ 86. Re5 Rxe5+ 87. Kxe5 Kg6 88. Kd4 Kxg5 {Precision: White = 49%, Black = 60%.} 1/2-1/2

[Event "Chile-ch Absolute 2018-19"]
[Site "Santiago"]
[Date "2019.02.25"]
[Round "8.1"]
[White "Gasic Merino, Franco"]
[Black "Lopez Silva, Hugo"]
[Result "0-1"]
[WhiteElo "2189"]
[BlackElo "2413"]
[Annotator "TA"]
[PlyCount "106"]
[EventDate "2019.02.20"]
[EventType "tourn"]
[EventCountry "CHI"]
[SourceTitle "playchess.com"]
[Source "ChessBase"]
[SourceQuality "1"]

{[%evp 14,105,14,14,17,-13,-13,-8,-17,-12,-17,-8,-12,-12,-2,-39,-39,-40,-12,-71,-63,-58,-55,-54,-62,-62,-62,-60,-55,-77,-77,-67,-84,-90,-83,-73,-83,-139,-148,-180,-172,-147,-107,-179,-171,-265,-259,-271,-184,-200,-218,-202,-216,-212,-205,-373,-373,-367,-370,-362,-350,-406,-392,-487,-486,-495,-487,-469,-460,-577,-556,-29972,-29972,-29968,-29964,-29984,-29985,-29987,-29988,-29990,-29989,-29991,-29991,-29992,-29993,-29995,-29995,-29995,-29996,-29997,-29998,-29998,-29999,-29999]} 1. d4 Nf6 2. g3 g6 3. Bg2 d5 4. c4 c6 5. Nd2 Bg7 6. Ngf3 O-O 7. O-O a5 8. b3 {[%cal Bb2b3,Bb3b4][%mdl 32]} a4 {D78: Fianchetto Grünfeld: 6 0-0 c6} (8... Ne4 9. Bb2 Bf5 10. Nh4 Nxd2 11. Qxd2 Be6 12. f4 Nd7 13. f5 gxf5 14. Nxf5 Bxf5 15. Rxf5 e6 16. Rff1 f5 17. cxd5 cxd5 18. Rac1 Nf6 19. Bf3 a4 {0-1 (39) Wang,H (2730)-Dubov,D (2703) St Petersburg 2018}) 9. b4 Ne4 10. e3 Bg4 {The position is equal.} 11. Qc2 Bf5 {White must now prevent ...Nxg3!} 12. Nxe4 $1 Bxe4 13. Qe2 Nd7 {[%cal Bb8d7,Bd7e5,Be5c4][%mdl 32]} 14. Ba3 $146 ({Predecessor:} 14. Bb2 a3 15. Bc3 Nb6 16. c5 Na4 17. Rac1 {1-0 (38) Neese,H (2134)-Benne,H (2159) Rheda Wiedenbrueck 2001}) 14... dxc4 15. Qxc4 e5 16. Rad1 (16. b5 $11 Nb6 17. Qc5) 16... exd4 $17 17. Nxd4 Ne5 18. Qe2 $1 Bxg2 19. Kxg2 {Hoping for Ne6!} Qd5+ 20. e4 Qc4 $1 21. f4 Qxe2+ 22. Nxe2 Nc4 $36 {[%mdl 2048] Black is on the roll.} 23. Bc1 Rfd8 24. e5 f6 25. e6 {[#]} (25. exf6 $142 Bxf6 26. g4) 25... f5 $1 26. e7 Re8 27. Rd7 b5 28. Re1 (28. g4 $17) 28... Kf7 $19 29. g4 (29. Kf3 {is a better defense.}) 29... fxg4 ({Less strong is} 29... Rxe7 30. Rxe7+ Kxe7 31. gxf5 $15) 30. f5 Rxe7 31. Rxe7+ Kxe7 32. fxg6 hxg6 33. Nd4+ Kd7 34. Ne6 $2 (34. Rd1 {was worth a try.} Nd6 35. Bf4) 34... Bf8 35. Nxf8+ Rxf8 {[%mdl 4096] Endgame KRB-KRN} 36. Re4 Rf3 37. Rxg4 Rc3 38. Bh6 Rc2+ {[%mdl 64] [#] Double Attack} 39. Kg3 Rxa2 40. Rxg6 Rb2 41. Bg7 a3 {...a2 is the strong threat.} 42. h4 a2 {Black mates.} 43. Bxb2 Nxb2 {KR-KN} 44. Kg4 a1=Q 45. h5 Nd3 46. Kg5 Qc1+ 47. Kf6 Qf4+ 48. Kg7 Ne5 49. Rh6 Qg5+ 50. Kh7 Ke7 51. Kh8 Nf7+ {[%mdl 64] Double Attack} 52. Kh7 Qxh6+ 53. Kg8 Qh8# {Accuracy: White = 40%, Black = 92%.} 0-1

[Event "Chile-ch Absolute 2018-19"]
[Site "Santiago"]
[Date "2019.02.25"]
[Round "8.2"]
[White "Salinas Herrera, Pablo"]
[Black "Abarca Gonzalez, Nicolas"]
[Result "1-0"]
[WhiteElo "2477"]
[BlackElo "2418"]
[Annotator "TA"]
[PlyCount "63"]
[EventDate "2019.02.20"]
[EventType "tourn"]
[EventCountry "CHI"]
[SourceTitle "playchess.com"]
[Source "ChessBase"]
[SourceQuality "1"]

{[%evp 14,63,9,0,35,40,44,40,34,23,30,30,34,22,53,49,55,41,60,33,32,26,63,55,58,51,67,57,66,58,432,417,397,264,326,343,354,332,349,361,335,346,471,474,506,487,974,963,914,154,899,897]} 1. d4 Nf6 2. Nf3 g6 3. Bf4 Bg7 4. e3 O-O 5. Be2 d5 6. h3 c5 7. c3 Nc6 8. O-O Qb6 {D02: 1 d4 d5 2 Nf3 sidelines, including 2...Nf6 3 g3 and 2...Nf6 3 Bf4} 9. Qb3 c4 10. Qa3 Bf5 {White is slightly better.} 11. Nbd2 (11. b3 cxb3 12. axb3 a5 13. Nbd2 Rfc8 14. Rfc1 h6 15. Bh2 Bf8 16. Qa4 {½-½ (81) Demidov,M (2521)-Sjugirov,S (2650) Sochi 2017}) 11... Rfc8 12. b3 Bf8 $146 {[#] And now ...e5 would win.} ({Predecessor:} 12... cxb3 13. axb3 Ne4 14. Nxe4 Bxe4 15. Rfc1 Bf8 16. Qa4 h6 17. Nd2 {½-½ (63) Bellon Lopez,J (2404)-Valgmae,T (2218) Caleta 2013}) 13. Qb2 cxb3 14. axb3 a5 15. Ra2 h6 16. Rfa1 g5 17. Bh2 Ra7 18. Ne5 e6 19. Ra4 Nxe5 20. Bxe5 ({Of course not} 20. dxe5 $6 Ne4 $15) 20... Nd7 21. Bg3 Bb4 $2 {[%mdl 8192]} (21... Qd8 $14) 22. cxb4 $18 Rc2 23. bxa5 {[#] aiming for Qxc2.} Rxb2 24. axb6 Rxa4 25. Rxa4 ({Worse is} 25. bxa4 Rxd2 26. Bd1 Nxb6 $11) 25... Rxd2 26. Ra8+ Kg7 27. Bb5 Nxb6 28. Rb8 Bd3 29. Be5+ Kg6 (29... f6 $142 30. Rxb7+ {[%mdl 64] Double Attack} Kg8 31. Bxd3 fxe5) 30. Rg8+ Kf5 31. Bxd3+ Rxd3 32. f3 {Accuracy: White = 83%, Black = 50%.} 1-0

[Event "Chile-ch Absolute 2018-19"]
[Site "Santiago"]
[Date "2019.02.25"]
[Round "8.3"]
[White "Henriquez Villagra, Cristobal"]
[Black "Cuevas Araya, Walter"]
[Result "1-0"]
[WhiteElo "2508"]
[BlackElo "2187"]
[Annotator "TA"]
[PlyCount "165"]
[EventDate "2019.02.20"]
[EventType "tourn"]
[EventCountry "CHI"]
[SourceTitle "playchess.com"]
[Source "ChessBase"]
[SourceQuality "1"]

{[%evp 17,165,36,43,43,45,45,50,29,43,22,26,33,50,47,60,53,72,68,65,64,70,52,56,51,89,68,67,42,53,46,70,63,72,64,66,56,76,67,62,53,91,85,88,78,102,72,94,93,121,46,75,93,129,87,95,101,94,82,90,83,81,72,77,78,120,126,118,114,118,93,114,120,126,68,148,159,256,259,230,214,195,104,104,89,89,89,107,107,107,107,103,107,113,110,151,140,136,110,113,113,110,80,225,225,443,413,497,490,491,383,363,356,348,322,4153,4153,4153,4153,10310,4153,10310,10310,10310,10310,10562,4153,10303,4153,4153,4153,7222,4153,7222,4153,4153,4153,11384,4153,29989,29990,29992,29993,29993,29994,29994,29995,29997,29998,29998,29999]} 1. Nf3 Nf6 2. c4 g6 3. g3 Bg7 4. Bg2 O-O 5. O-O c6 6. b3 d5 7. Bb2 Bg4 8. d4 Bxf3 {D78: Fianchetto Grünfeld: 6 0-0 c6} (8... Nbd7 9. Nc3 Qa5 10. Rc1 Bxf3 11. Bxf3 e6 12. e3 Rfc8 13. Qe2 a6 14. Rfd1 b5 15. e4 bxc4 16. bxc4 {1-0 (54) Le,Q (2715)-Melkumyan,H (2660) chess.com INT 2018}) 9. Bxf3 e6 {LiveBook: 10 Games} 10. Qc2 Nbd7 {White is slightly better.} 11. Rd1 $146 ({Predecessor:} 11. Nd2 Re8 12. Rad1 Rc8 13. Rfe1 Qc7 {1-0 (63) Petran,P (2370)-Bombek,P (2213) Frydek Mistek 2010}) 11... h5 12. Nc3 Rc8 13. Bg2 Re8 14. e3 Nf8 15. Qe2 N8h7 16. Rd2 Bh6 17. Rad1 Qc7 18. Rc2 Qb8 19. b4 Bf8 20. a3 {[%cal Ba2a3,Ba3a4,Ba4b5][%mdl 32]} Ng5 21. f4 Ngh7 22. Rdc1 Bg7 23. a4 Rcd8 24. b5 Ng4 25. Nd1 Nhf6 26. Bc3 cxb5 27. axb5 dxc4 28. Ba5 b6 29. Bd2 Nd5 30. Rxc4 Rc8 31. Bf3 Nh6 32. e4 Ne7 33. Be3 (33. h3 $16) 33... Rxc4 34. Rxc4 Rc8 35. Kg2 Rxc4 36. Qxc4 Qc8 37. Nb2 Ng4 38. Bg1 $1 Bf8 39. e5 Qxc4 40. Nxc4 Nf5 41. h3 Ngh6 42. Bf2 Be7 43. Nb2 Kf8 44. Nd3 Ke8 45. g4 (45. Bc6+ $16 Kf8 46. d5) 45... hxg4 (45... Nh4+ $1 $14 46. Bxh4 Bxh4) 46. hxg4 $16 Nh4+ (46... Ng7 $16 47. Bc6+ Kf8) 47. Bxh4 $1 $18 Bxh4 {[%mdl 4096] Endgame KBN-KBN} 48. Bc6+ Kd8 {[#]} 49. Kf3 ({Better is} 49. g5 $1 $18 {[%cal Rg5h6]} Ng4 50. Bf3 Ne3+ 51. Kh3) 49... Be7 $16 50. d5 exd5 51. Bxd5 Ke8 52. Nf2 Bb4 53. Ne4 Ke7 54. Nf6 Ba3 55. Bc4 Bc5 56. Ke4 Ba3 57. Bf1 Bc1 58. Bh3 {g5 is the strong threat.} Kf8 59. f5 gxf5+ (59... Ng8 $16 {keeps fighting.}) 60. gxf5 $18 {[%cal Bg4f5,Bf5f6][%mdl 32]} Ng8 $2 {[#]} (60... Ke7 61. Nd5+ Kd8) 61. Nd7+ $1 Ke8 62. f6 Bb2 63. Nb8 Kd8 64. Nc6+ Kc7 65. Nxa7 Nxf6+ $2 (65... Ba3 66. Nc6 Bc5) 66. exf6 Bxf6 67. Kd5 Be7 68. Bf5 (68. Nc6 $142 Bf8 69. Ne5) 68... Bf8 69. Nc6 Bc5 70. Ne5 f6 71. Ng4 (71. Nd7 $142 Be7 72. Ke6) 71... Bg1 72. Nxf6 Bf2 73. Ke6 Bc5 74. Bg6 Kc8 75. Nd7 Bg1 76. Kd6 Kb7 77. Be4+ Ka7 78. Kc7 {White mates.} Bf2 79. Kc8 Bg3 80. Nf8 Bd6 81. Ne6 Bg3 82. Bb7 Be5 83. Nd8 {Precision: White = 55%, Black = 42%.} 1-0

[Event "Chile-ch Absolute 2018-19"]
[Site "Santiago"]
[Date "2019.02.25"]
[Round "8.4"]
[White "Torres Bravo, Cristobal"]
[Black "Aguirre Contreras, Cristian"]
[Result "1/2-1/2"]
[WhiteElo "2347"]
[BlackElo "2252"]
[Annotator "TA"]
[PlyCount "161"]
[EventDate "2019.02.20"]
[EventType "tourn"]
[EventCountry "CHI"]
[SourceTitle "playchess.com"]
[Source "ChessBase"]
[SourceQuality "1"]

{[%evp 12,161,16,17,32,22,18,12,13,0,0,17,11,0,31,11,18,8,37,16,34,8,8,0,0,0,7,14,33,-30,-31,-87,-83,-83,-86,-83,-83,-101,-83,-93,-93,-89,-77,-85,-84,-77,-83,-86,-100,-96,-100,-97,-101,-113,-102,-103,-96,-108,-105,-104,-104,-102,-97,-105,-64,-64,-64,-64,-64,-64,0,-42,-42,-33,-41,-97,-100,-112,-112,-112,-112,-112,-112,-112,-112,-112,-112,-112,-111,-112,-112,-112,-112,-112,-112,-112,-112,-112,-112,-112,-112,-112,-112,-112,-112,-112,-37,-37,0,-119,-119,-119,-119,-119,-119,-119,-112,-119,-119,-119,-119,-119,-119,-119,-119,-119,-119,-119,-119,-119,-119,-119,-119,-119,-119,-119,-119,-119,-119,-119,-119,-119,-119,-119,-119,-119,-119,-119,-119,-119,-119,-119]} 1. d4 Nf6 2. Nf3 e6 3. g3 d5 4. Bg2 Be7 5. O-O O-O 6. c4 dxc4 7. Qc2 b6 {E05: Open Catalan: 5 Nf3 Be7} 8. Bg5 Nd5 9. Bxe7 Qxe7 {The position is equal.} 10. Qxc4 Ba6 11. Qc2 Nd7 12. Nc3 Nb4 $146 ({Predecessor:} 12... c5 13. Nxd5 exd5 14. Rfe1 Bb7 15. Qa4 {0-1 (46) Studer,N (2493)-Bacrot,E (2715) Biel 2017}) 13. Qb1 c5 14. a3 Nc6 15. dxc5 bxc5 16. b4 {aiming for b5.} Rab8 {[%cal Rc5b4]} 17. Ng5 Qxg5 18. Bxc6 Ne5 {[%cal Bd7e5,Be5g4,Bg4e3][%mdl 32]} 19. Bg2 ({Don't play} 19. f4 Qd8 $15) 19... Rfc8 20. f4 (20. b5 $14) 20... Qh6 $11 21. b5 {[#]} (21. fxe5 $15 Qe3+ {[%mdl 64] Double Attack} 22. Kh1 Qxc3 23. Qe4) 21... Ng4 $1 $36 {[%csl Gg4][%cal Rh6h2][%mdl 2048] Black is really pushing.} 22. h3 Ne3 23. Rc1 Nxg2 24. Kxg2 Qf6 25. a4 Bb7+ 26. Kh2 Qd4 {[%cal Rd4f2]} 27. Nd1 Qd2 28. Qc2 Qe1 {[%csl Gb7][%cal Re1h1] [#]} 29. e4 $1 {[%mdl 512]} Bxe4 {[%csl Ge4][%cal Re1h1]} 30. Nc3 Bxc2 31. Rxe1 Rd8 32. Re2 Bd3 33. Rd2 Rd4 34. Rad1 Rbd8 35. a5 Kf8 36. b6 axb6 37. axb6 Ba6 38. Rxd4 cxd4 $15 {[%mdl 4096] Endgame KRB-KRN} 39. Ne4 Be2 40. Rd2 d3 (40... Bf3 $15 41. Nc5 Ke7) 41. Nc5 Ke7 42. b7 {Strongly threatening Na6.} Rb8 43. Rb2 (43. g4 $15) 43... Bf3 $17 44. Kg1 Kd6 45. Nxd3 Rxb7 46. Rxb7 Bxb7 {KB-KN} 47. Kf2 f6 48. Ke3 e5 49. h4 Bc8 50. Nc1 Ba6 51. Nb3 Bc4 52. Nd2 Bd5 53. Nb1 h5 54. Nc3 Bc6 55. Nb1 Ke6 56. fxe5 fxe5 57. Nc3 Kf5 58. Kf2 Kg4 (58... Be8 $17 59. Ke3 Bc6) 59. Nd1 $15 Kf5 {Hoping for ...Ke4.} 60. Ne3+ (60. Nc3 $11) 60... Ke4 $17 {Black is better.} 61. Nf1 Bd5 62. Ne3 Be6 63. Nf1 Bh3 {Threatens to win with ...Bxf1.} 64. Ne3 Kd3 65. Nd1 Bc8 66. Ne3 Ba6 67. Nf1 Bc4 68. Ne3 Bb3 69. Nf1 Bd1 70. Ne3 Bg4 71. Nf1 Bh3 {And now ...Bxf1 would win.} 72. Ne3 Ke4 73. Nd1 Bc8 74. Ne3 Ba6 75. Nd1 g6 76. Ne3 Bc8 77. Nd1 Be6 78. Ne3 Bg4 79. Nf1 Kd3 80. Ne3 Be6 81. Nf1 {Accuracy: White = 70%, Black = 81%.} 1/2-1/2

[Event "Chile-ch Absolute 2018-19"]
[Site "Santiago"]
[Date "2019.02.25"]
[Round "8.5"]
[White "Vergara Jofre, Felipe"]
[Black "Tapia Fuentes, Jaime"]
[Result "1/2-1/2"]
[WhiteElo "2265"]
[BlackElo "2259"]
[Annotator "TA"]
[PlyCount "43"]
[EventDate "2019.02.20"]
[EventType "tourn"]
[EventCountry "CHI"]
[SourceTitle "playchess.com"]
[Source "ChessBase"]
[SourceQuality "1"]

{[%evp 21,43,2,10,0,14,16,20,27,27,0,0,0,0,0,0,-30,-24,-20,0,-26,-26,-26,-26,-23]} 1. e4 c5 2. Nf3 Nc6 3. d4 cxd4 4. Nxd4 Nf6 5. Nc3 g6 6. g3 d6 7. Bg2 Bg4 8. f3 Bd7 9. Be3 Bg7 10. O-O O-O 11. Nxc6 bxc6 12. Qd2 {B70: Sicilian Dragon: 6 g3 and 6 Be2 (without a later Be3)} Qc7 (12... Qa5 13. Rab1 Rfd8 14. Rfd1 Rab8 15. Bf1 Be6 16. Qf2 c5 17. e5 Ne8 18. f4 dxe5 19. Bxc5 exf4 20. Rxd8 Rxd8 21. Bxa7 fxg3 22. hxg3 Bxc3 {0-1 (32) Vaklinov,V (2169)-Bricard,E (2467) Montpellier 2006}) 13. Rad1 a5 $146 {[%cal Ba7a5,Ba5a4][%mdl 32]} ({Predecessor:} 13... Rfb8 14. b3 a5 15. a4 c5 16. Bg5 Bc6 17. Bxf6 Bxf6 18. Nd5 Bxd5 19. Qxd5 c4 20. f4 cxb3 21. cxb3 Ra7 22. Rf3 Rab7 23. Bf1 e6 {½-½ (23) Gassenmann,K-Kirschner,P Germany 1995}) 14. b3 {The position is equal.} c5 15. Rfe1 ({Better is} 15. Bg5 Bc6 16. a4) 15... a4 $11 16. Bg5 {[#] e5! is the strong threat.} Bc6 17. Nd5 Bxd5 18. exd5 axb3 19. axb3 c4 20. Bf1 cxb3 21. cxb3 Qb6+ 22. Qe3 1/2-1/2

[Event "Chile-ch Absolute 2018-19"]
[Site "Santiago"]
[Date "2019.02.25"]
[Round "8.6"]
[White "Garcia Cardenas, Pablo"]
[Black "Olivares Olivares, Claudio"]
[Result "1-0"]
[WhiteElo "2449"]
[BlackElo "2387"]
[Annotator "TA"]
[PlyCount "77"]
[EventDate "2019.02.20"]
[EventType "tourn"]
[EventCountry "CHI"]
[SourceTitle "playchess.com"]
[Source "ChessBase"]
[SourceQuality "1"]

{[%evp 23,77,52,55,52,66,70,78,29,50,19,40,-25,30,24,60,-38,118,120,196,124,163,101,295,331,306,193,402,380,597,608,733,366,747,670,633,563,601,597,909,897,880,850,851,577,655,561,755,766,1159,1128,1030,1030,29963,29963,29970,29959]} 1. d4 Nf6 2. c4 c5 3. d5 e6 4. Nc3 exd5 5. cxd5 d6 6. e4 g6 7. f4 Bg7 8. Bb5+ Nfd7 9. Bd3 O-O 10. Nf3 Na6 11. O-O Nc7 12. a4 a6 13. f5 {A67: Modern Benoni: Taimanov Variation} (13. Qe1 Re8 14. f5 Ne5 15. Nxe5 Bxe5 16. Bf4 Qf6 17. Qg3 Bd7 18. Rf3 Bxf4 19. Qxf4 gxf5 20. Raf1 Re5 {1-0 (39) Brooks,I (2581)-Privara,I (2523) ICCF email 2009}) 13... Rb8 14. Bg5 Bf6 15. Bxf6 $146 {White is better.} ({Predecessor:} 15. Bh6 Re8 16. h4 b5 17. axb5 axb5 18. Qd2 c4 19. Bc2 gxf5 20. exf5 b4 21. Ne4 Bxb2 22. f6 Bxf6 23. Nxf6+ Qxf6 24. Bxh7+ {1-0 (24) Davila Texeira,M-Romanelli,G Argentina 1996}) 15... Qxf6 16. Kh1 b5 17. e5 (17. Qd2 $14) 17... dxe5 (17... Nxe5 $142 18. Ne4 Qg7) 18. fxg6 $11 hxg6 19. Nd4 (19. Qd2 $14) 19... Qh4 $2 ({Of course not} 19... exd4 20. Rxf6 Nxf6 21. Ne4 $14) (19... cxd4 $15 {keeps the upper hand.} 20. Rxf6 Nxf6) 20. Nc6 $16 {[%mdl 1024] White has strong compensation.} Rb6 (20... b4 $16 {was necessary.}) 21. g3 $36 {[%mdl 2048] Black is under strong pressure.} (21. a5 $18 Rb7 22. g3) 21... Qh6 22. a5 (22. Ne7+ $18 Kg7 23. Bxg6 $1 {[%mdl 512]} fxg6 24. Rxf8 Kxf8 25. Nxc8) 22... Rb7 $2 (22... Rb8 $16) 23. Ne7+ $18 Kg7 24. Ne4 Nxd5 $2 (24... c4) 25. Nxd5 Rh8 (25... c4 $142 26. Bc2 f5) 26. Qe2 Rb8 27. Nxc5 (27. Nd6 $142 Rf8 {[#]} 28. Bf5 $1 {[%mdl 512]}) 27... e4 $2 (27... Qxh2+ 28. Qxh2 Rxh2+ 29. Kxh2 Nxc5) 28. Nxd7 Bxd7 29. Qf2 {[%csl Gf1][%cal Rf2f7]} Bf5 30. Bc2 Rh7 31. Qd4+ {[%mdl 64] Double Attack} Kf8 32. Rf2 Rc8 33. Ne3 Qg5 34. Kg1 Kg8 35. Bxe4 Rh4 36. Nxf5 gxf5 37. Rxf5 Qg6 38. Qe5 Rg4 39. Bf3 {Accuracy: White = 45%, Black =  7%.} 1-0

[Event "Chile-ch Absolute 2018-19"]
[Site "Santiago"]
[Date "2019.02.26"]
[Round "9.1"]
[White "Olivares Olivares, Claudio"]
[Black "Gasic Merino, Franco"]
[Result "1-0"]
[WhiteElo "2387"]
[BlackElo "2189"]
[Annotator "TA"]
[PlyCount "99"]
[EventDate "2019.02.20"]
[EventType "tourn"]
[EventCountry "CHI"]
[SourceTitle "playchess.com"]
[Source "ChessBase"]
[SourceQuality "1"]

{[%evp 21,99,56,64,41,50,52,58,26,21,-14,0,0,14,9,21,0,0,0,0,0,0,0,10,0,67,0,6,-9,-8,-10,39,5,40,27,42,42,102,96,264,256,270,244,351,347,310,295,268,187,233,121,329,329,315,317,322,310,471,467,489,497,557,555,912,815,791,712,29971,29972,29972,29973,29967,29970,12796,7847,29975,29975,29983,29984,29984,29983]} 1. e4 d5 2. exd5 Nf6 3. d4 Bg4 4. f3 Bf5 5. Bb5+ Nbd7 6. c4 e6 7. dxe6 Bxe6 8. d5 Bf5 9. Nc3 Bc5 {B01: Scandinavian Defence} 10. Qe2+ Kf8 (10... Qe7 11. Bf4 O-O-O 12. Qxe7 Bxe7 13. O-O-O Nb6 14. a4 Bb4 15. Na2 Be7 16. a5 Nbd7 17. b4 {1-0 (63) Oparin,G (2626)-Moskalenko,A (2490) Moscow 2016}) 11. Be3 Qe7 {LiveBook: 3 Games. White is slightly better.} 12. Bxc5 Nxc5 {[%cal Bd7c5,Bc5d3,Bd3b2][%mdl 32]} 13. Qxe7+ Kxe7 14. g4 Bg6 15. Nh3 a6 $146 ({Predecessor:} 15... Nd3+ 16. Kf1 a6 17. Ba4 Nxb2 {½-½ (58) Mazarov,J (2167)-Busche,K (2071) Dortmund 2010}) 16. Ba4 $1 Nd3+ 17. Kd2 Nxb2 18. Rhe1+ Kd6 19. Bb3 {Black must now prevent Nf4.} Nd3 20. Re3 Nc5 $1 21. Rae1 h6 22. Nf4 Bh7 (22... Rae8 $11) 23. h4 (23. Re7 $14) 23... g5 24. Nh3 gxh4 25. Nf4 Rae8 (25... h5 $5) 26. Rxe8 Rxe8 27. Rh1 $1 $36 {[%mdl 2048] White is more active.} Bg6 28. Rxh4 Rh8 {[#]} (28... Nfd7 $14) 29. g5 $1 {[%mdl 512]} Ng8 $2 (29... Nh5 $16) (29... hxg5 30. Rxh8) 30. Nxg6 $18 fxg6 31. Bc2 Nd7 (31... h5 {was necessary.} 32. Bxg6 Ne7) 32. f4 ({Less strong is} 32. Bxg6 Ne5 $18) 32... Nf8 33. Ne4+ Ke7 34. Nc5 Rh7 35. gxh6 (35. Rh3 $18) 35... Rxh6 $2 {[#]} (35... b6 $16) 36. Rxh6 Nxh6 37. Nxb7 {[%mdl 4096] Endgame KBN-KNN} Nf7 38. Nc5 Nd6 (38... g5 {keeps fighting.} 39. fxg5 (39. Nxa6 gxf4 40. c5 Nd7 $18) 39... Nxg5 40. Nxa6 Kd6) 39. Kc3 a5 40. a4 Nf5 41. Nb7 c6 42. Nxa5 cxd5 43. cxd5 Nd7 44. Bxf5 gxf5 {KN-KN} 45. Nc4 Nc5 46. a5 Na6 47. Kd4 Kf6 48. Ne3 {White mates.} Nb4 49. Kc4 Na6 50. Kb5 {Precision: White = 54%, Black = 21%.} 1-0